Ιστορίες των ταπεινών : διηγήματα

Αποθηκεύτηκε σε:
Λεπτομέρειες βιβλιογραφικής εγγραφής
Κύριος συγγραφέας: Καβρουλάκης, Νίκος Μ., 1917-
Μορφή: Βιβλίο
Γλώσσα:Greek
Δημοσίευση: Αθήνα : [χ.ό.], 1998.
Θέματα:
Ετικέτες: Προσθήκη ετικέτας
Δεν υπάρχουν, Καταχωρήστε ετικέτα πρώτοι!

MARC

LEADER 00000nam a2200000 a 4500
001 1/125656
008 221212s1998####gr | ||| |||| ||gre||
040 |a GR-MyUa  |b gre  |c GR-MyUa  |e AACR2 
041 0 |a gre 
082 7 |a 889.35   |2 (23) 
100 1 |a Καβρουλάκης, Νίκος Μ.,   |d 1917- 
245 1 0 |a Ιστορίες των ταπεινών :   |b διηγήματα /   |c Νίκος Καβρουλάκης.  
260 |a Αθήνα :   |b [χ.ό.],   |c 1998.  
300 |a 95 σ. ;   |c 21 εκ.  
504 |a Περιλαμβάνει γλωσσάρι.  
650 0 |a Short stories, Greek (Modern) 
650 0 |a Greek literature, Modern 
852 |a INST  |b LESVOS  |e 20221212  |h 889.35 ΚΑΒ  |p 005100064064  |q 005100064064  |t BK  |y 0 
970 |a Καμάτσου  |b Δέσποινα  |z 12-12-2022